La vaca y la hierba / (Record no. 141524)

MARC details
000 -LEADER
campo de control de longitud fija 00618nam a2200193 i 4500
001 - NÚMERO DE CONTROL
campo de control 141524
003 - IDENTIFICADOR DE NÚMERO DE CONTROL
campo de control ES-MaACL
005 - FECHA Y HORA DE LA ÚLTIMA TRANSACCIÓN
campo de control 20230906200319.0
007 - CAMPO FIJO DE DESCRIPCIÓN FÍSICA--INFORMACIÓN GENERAL
campo de control de longitud fija t|
008 - DATOS DE LONGITUD FIJA--INFORMACIÓN GENERAL
campo de control de longitud fija 070925s1968 sp ||||1| spa d
100 1# - ENTRADA PRINCIPAL--NOMBRE DE PERSONA
Nombre de persona Voisin, André.
9 (RLIN) 115680
245 13 - MENCIÓN DEL TÍTULO
Título La vaca y la hierba /
Mención de responsabilidad, etc. André Voisin, A. Lecomte ; prólogo de R. E. Houdet ; [traducción por: Angel Falder Rivero].
260 ## - PUBLICACIÓN, DISTRIBUCIÓN, ETC.
Lugar de publicación, distribución, etc. Madrid :
Nombre del editor, distribuidor, etc. Tecnos,
Fecha de publicación, distribución, etc. [1968]
300 ## - DESCRIPCIÓN FÍSICA
Extensión 127 p., 12 lám. ;
Dimensiones 21 cm.
700 1# - ENTRADA AGREGADA--NOMBRE PERSONAL
Nombre de persona Lecomte, A.
9 (RLIN) 71102
700 1# - ENTRADA AGREGADA--NOMBRE PERSONAL
Nombre de persona Houdet, R. E.
9 (RLIN) 64322
700 1# - ENTRADA AGREGADA--NOMBRE PERSONAL
Nombre de persona Falder Rivero, Angel.
9 (RLIN) 48725
852 ## - LOCALIZACIÓN
Ubicación ES-MaACL
Número de control de estantería C-46925
Sublocalización o colección R.68157
Holdings
Estatus retirado Estado de pérdida Estado de daño No para préstamo Biblioteca de origen Biblioteca actual Ubicación en estantería Fecha de adquisición Fuente de adquisición Total de préstamos Signatura topográfica completa Código de barras Visto por última vez Precio de reemplazo Tipo de ítem Koha
        Biblioteca del Ateneo de Madrid Biblioteca del Ateneo de Madrid Depósito 2 17/01/2008     C-46925 1147260 23/02/2023 23/02/2023 Libro impreso